Rastové účtovníctvo na regionálnej úrovni
Možnosti využitia tzv. rastového účtovníctva pri analýze zdrojov dlhodobého ekonomického rastu jednotlivých regiónov. V centre pozornosti je región CENTROPE, pričom sú diskutované možnosti využitia dostupných údajov a ich nevyhnutných úprav pre rastové účtovníctvo.
Na minha lista:
| Autor principal: | |
|---|---|
| Formato: | Capítulo de Livro |
| Idioma: | inglês |
| Assuntos: | |
| Tags: |
Sem tags, seja o primeiro a adicionar uma tag!
|
MARC
| LEADER | 00000nla a2200000 4500 | ||
|---|---|---|---|
| 001 | 0161021 | ||
| 005 | 20240502072809.0 | ||
| 041 | 0 | |a eng | |
| 044 | |a SK | ||
| 245 | 1 | 0 | |a Rastové účtovníctvo na regionálnej úrovni |c Martin Lábaj |
| 520 | |a Možnosti využitia tzv. rastového účtovníctva pri analýze zdrojov dlhodobého ekonomického rastu jednotlivých regiónov. V centre pozornosti je región CENTROPE, pričom sú diskutované možnosti využitia dostupných údajov a ich nevyhnutných úprav pre rastové účtovníctvo. | ||
| 610 | 2 | 0 | |a účtovníctvo |
| 610 | 2 | 0 | |a výkazníctvo finančné |
| 610 | 2 | 0 | |a regióny |
| 610 | 2 | 0 | |a rast hospodársky |
| 610 | 2 | 0 | |a Slovensko |
| 610 | 2 | 0 | |a Česko |
| 610 | 2 | 0 | |a Maďarsko |
| 610 | 2 | 0 | |a Rakúsko |
| 100 | 1 | |a Lábaj, Martin, 1982- | |